| 000 | 00529nam a22002177a 4500 | ||
|---|---|---|---|
| 005 | 20210325185316.0 | ||
| 008 | s1980 eng d | ||
| 020 | _a0540053678 | ||
| 041 | _aeng | ||
| 050 | _aR AK300 L52 1980 | ||
| 245 | 1 | 0 | _aThe library atlas [1980] |
| 260 | 3 |
_aLondon : _bGeorge Philip, _c1980 |
|
| 300 |
_a1 v. : _b maps ; _c 31 cm. |
||
| 650 | 0 | 4 | _aAtlases |
| 650 | 0 | 4 | _aWorld maps |
| 650 | 0 | 4 | _aMaps |
| 850 | _aNALT | ||
| 942 | _cREF | ||
| 997 | _c000000000022618 | ||
| 998 | _aBENJALUCK | ||
| 999 |
_c22618 _d22618 |
||